| 000 | 00673cam a2200193 a 4500 | ||
|---|---|---|---|
| 001 | 12609231 | ||
| 005 | 20251110155034.0 | ||
| 008 | 011017s2001 ii ab bf 100 0 eng | ||
| 020 | _a0074632183 | ||
| 020 | _a9780074632185 | ||
| 050 | 0 | 0 |
_aTJ163.D86 _bC53 2001 |
| 082 | 0 | 0 |
_a720/.472 _221 |
| 245 | 0 | 0 |
_aClimate responsive architecture : _ba design handbook for energy efficient buildings / _ceditors, Arvind Krishan ... [et al.]. |
| 260 |
_aNew Delhi ; _aNew York : _bTata McGraw-Hill Pub. Co., _cc2001. |
||
| 300 |
_axxiii, 409 p. : _bill., map ; _c24 x 32 cm. |
||
| 650 | 0 |
_aDwellings _xEnergy conservation _vCongresses. |
|
| 700 | 1 | _aKrishan, Arvind. | |
| 942 |
_2lcc _cBK _n0 |
||
| 999 |
_c8176 _d8176 |
||